[Event "Framingham CC-ch"]
[White "Steinberg, Mark"]
[Black "LeBlanc, Mike"]
[Site "Framingham"]
[Round "5"]
[Result "0-1"]
[Date "1987.05.12"]
[WhiteElo "1614"]
[BlackElo "1858"]
[PlyCount "78"]
[EventDate "1987.04.14"]
[EventType "swiss"]
[EventRounds "6"]
[EventCountry "USA"]
[SourceTitle "EXT 2023"]
[Source "ChessBase"]
[SourceDate "2022.10.05"]
[SourceVersion "1"]
[SourceVersionDate "2022.10.05"]
[SourceQuality "1"]

1. d4 Nf6 2. c4 e6 3. Nc3 Bb4 4. Bd2 0-0 5. Nf3 b6 6. a3 Bxc3 7. Bxc3 Bb7 8. e3 d5 9. cxd5 exd5 10. Bd3 Nbd7 11. b4 Ne4 12. Bb2 Rc8 13. b5 Re8 14. 0-0 h6 15. Rc1 Re6 16. Qa4 c5 17. bxc6 Bxc6 18. Bb5 Bxb5 19. Qxb5 Ndf6 20. Rxc8 Qxc8 21. Rc1 Qb7 22. Ne5 a6 23. Qe2 Nd6 24. Rc6 Nb5 25. Qc2 Rxc6 26. Nxc6 Qc7 27. Nb4 Qxc2 28. Nxc2 Kf8 29. f3 Ke7 30. a4 Nd6 31. Ba3 Kd7 32. Kf2 a5 33. Ke2 Kc6 34. Kd3 h5 35. Bxd6 Kxd6 36. e4 dxe4+ 37. fxe4 Ng4 38. h3 Nf2+ 39. Ke3 Nd1+ 0-1